000 00644nam a2200145Ia 4500
008 100204s9999 xx 000 0 und d
082 _b4182
100 _aजोशी व. कृ.
245 _a"हॅलो, मी इन्स्पेक्टर प्रधान बोलतोय !"
260 _b"प्रेस्टीज प्रकाशन , पुणे"
300 _a140
630 _a"हॅलो, मी इन्स्पेक्टर प्रधान बोलतोय !"
730 _a"हॅलो, मी इन्स्पेक्टर प्रधान बोलतोय !"
942 _cBOOK
999 _c465736
_d465733